Nirmalyam, oppol & ennu swantham janakikutty : (Record no. 170789)

MARC details
000 -LEADER
fixed length control field 00597nam a2200181 4500
005 - DATE AND TIME OF LATEST TRANSACTION
control field 20220607163025.0
010 ## - LCCN (DPL NO)
LC control number ENG-127245
020 ## - INTERNATIONAL STANDARD BOOK NUMBER
International Standard Book Number 9789386224750
Terms of availability 599.00
035 ## - SYSTEM CONTROL NUMBER
System control number EN-110777
037 ## - SOURCE OF ACQUISITION
Source of stock number/acquisition DBAD/PUB
082 ## - DEWEY DECIMAL CLASSIFICATION NUMBER
Classification number 882
100 ## - MAIN ENTRY--PERSONAL NAME
Personal name Nair, M.T. Vasudevan
245 ## - TITLE STATEMENT
Title Nirmalyam, oppol & ennu swantham janakikutty :
Remainder of title three screenplays and their stories /
Statement of responsibility, etc by M.T. Vasudevan Nair
260 ## - PUBLICATION, DISTRIBUTION, ETC. (IMPRINT)
Place of publication, distribution, etc New Delhi
Name of publisher, distributor, etc Tranquebar Press
Date of publication, distribution, etc 2017
270 ## - ADDRESS
Address 93, Ist Floor, Sham Lal Road
City Daryaganj, New Delhi
Postal code 110002
300 ## - PHYSICAL DESCRIPTION
Extent 301p.
Dimensions 23cm(Hb)
942 ## - ADDED ENTRY ELEMENTS (KOHA)
Source of classification or shelving scheme Dewey Decimal Classification
Item type English Books
Classification part 882
Call number suffix VAS
Holdings
Withdrawn status Lost status Not for loan Collection code Home library Current library Date acquired Source of acquisition Cost, normal purchase price Full call number Barcode Copy number Cost, replacement price Koha item type
      Non-fiction Patel Nagar Patel Nagar 24/12/2019 DBAD/PUB 599.00 882 VAS EN-110777 1 599.00 English Books

© Delhi Public Library
Hit Counter
free hit counter